| 000 | 00764nam a2200217Ia 4500 | ||
|---|---|---|---|
| 003 | GCL | ||
| 008 | 140319s9999 xx 000 0 ara d | ||
| 020 | _a4374509953 | ||
| 040 |
_aGCL / _cGCL |
||
| 082 | 0 | 4 |
_a305.62795691 _bر و |
| 100 | 1 | _aرؤوف سعد ابو جابر | |
| 245 | 1 | 0 |
_aالوجود المسيحى فى القدس خلال القرنين التاسع عشر و المشرين / _cرؤوف سعد ابو جابر |
| 250 | _aالاولى | ||
| 260 |
_aبيروت : _bمركز دراسات الوحدة العربية ، _c2004 |
||
| 300 |
_a294 ص ؛ _c24 سم |
||
| 650 | 0 | 4 | _aالمسيحيون |
| 650 | 0 | 4 | _aالكنائس - القدس |
| 650 | 0 | 4 | _aالقدس - تاريخ |
| 650 | 0 | 4 | _aالمسيحية - القدس |
| 942 |
_2ddc _cBK |
||
| 999 |
_c7126 _d7126 |
||